000 00956cam a22003015a 4500
003 EG-ScBUE
005 20220830124938.0
008 161013s2016 ko o f 000 0 eng d
020 _a9788957705643
020 _a9788957702055
040 _aEG-ScBUE
_beng
_erda
_cEG-ScBUE
_dEG-ScBUE
041 0 _aeng
_akor
082 0 4 _a712.05
_bLAN
_222
245 0 0 _aLandscape architecture competition annual.
_n8 /
_cedited by Kyungll Lee, Yoon Jeong Choi.
264 1 _aSeoul :
_bChoseok & Archiworld,
_c2016.
300 _a415 pages :
_bphotographs ;
_c30 cm
336 _2rdacontent
_atext
_btxt
337 _2rdamedia
_aunmediated
_bn
338 _2rdacarrier
_avolume
_bnc
546 _aText in English and Korean.
650 7 _aLandscape architecture.
_2BUEsh
651 _2BUEsh
653 _bENGARC
_cOctober2016
655 _vReading book
_934232
700 1 _aLee, Kyungll,
_eeditor.
700 1 _aChoi, YoonJeong
_eeditor.
_936827
942 _2ddc
_cBB
999 _c22565
_d22537